Hungarian Names - Statistics

General Stats
  • This quiz has been taken 352 times
  • The average score is 9 of 15
Answer Stats
Hint Answer % Correct
Gyorgy George
84%
Erzsebet Elizabeth
81%
Tamas Thomas
81%
Zsofia Sophia
76%
Marta Martha
75%
Aliz Alice
74%
Fulop Philip
67%
Mihaly Michael
66%
Eszter Esther
65%
Istvan Steven
65%
Lukacs Lucas
42%
Janos John
41%
Lajos Louis
41%
Ferenc Francis
37%
Krisztina Christina
32%
No matching quizzes found
Score Distribution
Percent of People with Each Score
Percentile by Number Answered
Your Score History
You have not taken this quiz